UM Logo

A new integrated active EMI filter topology with both CM noise and DM noise attenuation / (Record no. 19248)

MARC details
000 -LEADER
fixed length control field 01075nam a22002537a 4500
003 - CONTROL NUMBER IDENTIFIER
control field OSt
005 - DATE AND TIME OF LATEST TRANSACTION
control field 20250911163255.0
008 - FIXED-LENGTH DATA ELEMENTS--GENERAL INFORMATION
fixed length control field 240221b ||||| |||| 00| 0 eng d
040 ## - CATALOGING SOURCE
Transcribing agency 0
082 ## - DEWEY DECIMAL CLASSIFICATION NUMBER
Classification number DPer 621.317 Ie21 May 2022 v. 37 n. 5
100 ## - MAIN ENTRY--PERSONAL NAME
Personal name Zhou, Yongxing.
Relator term author.
9 (RLIN) 52856
245 ## - TITLE STATEMENT
Title A new integrated active EMI filter topology with both CM noise and DM noise attenuation /
Statement of responsibility, etc. Yongxing Zhou, Wenjie Chen, Xu Yang, Ru Zhang, Ruitao Yan, Jinlu Liu, and Haoyu Wang.
260 ## - PUBLICATION, DISTRIBUTION, ETC. (IMPRINT)
Place of publication, distribution, etc. New York ;
Name of publisher, distributor, etc. The Institute of Electrical and Electronics Engineers, Inc. ,
Date of publication, distribution, etc. May 2022.
300 ## - PHYSICAL DESCRIPTION
Extent Volume 37, pages 5466-5478 :
Other physical details illustration ;
Dimensions 28 cm.
500 ## - GENERAL NOTE
General note IEEE Transactions on Power Electronics, vol. 37, no. 5, pages 5466-5478, May 2022.
700 ## - ADDED ENTRY--PERSONAL NAME
Personal name Zhou, Yongxing.
Relator term author.
9 (RLIN) 52856
700 ## - ADDED ENTRY--PERSONAL NAME
Personal name Chen, Wenjie.
Relator term author.
9 (RLIN) 52857
700 ## - ADDED ENTRY--PERSONAL NAME
Personal name Yang, Xu.
Relator term author.
9 (RLIN) 52858
700 ## - ADDED ENTRY--PERSONAL NAME
Personal name Zhang, Ru.
Relator term author.
9 (RLIN) 52859
700 ## - ADDED ENTRY--PERSONAL NAME
Personal name Yan, Ruitao.
Relator term author.
9 (RLIN) 52860
700 ## - ADDED ENTRY--PERSONAL NAME
Personal name Liu, Jinlu.
Relator term author.
9 (RLIN) 52861
700 ## - ADDED ENTRY--PERSONAL NAME
Personal name Wang, Haoyu.
Relator term author.
9 (RLIN) 52862
942 ## - ADDED ENTRY ELEMENTS (KOHA)
Source of classification or shelving scheme Dewey Decimal Classification
Koha item type Periodicals
Holdings
Withdrawn status Lost status Source of classification or shelving scheme Damaged status Not for loan Collection code Home library Current library Date acquired Total Checkouts Full call number Date last seen Price effective from Koha item type Public note
    Dewey Decimal Classification     Periodicals UM Digos College - LIC UM Digos College - LIC 02/21/2024   DPer 621.317 Ie21 May 2022 v. 37 n. 5 02/21/2024 02/21/2024 Periodicals Periodical Article